| 000 | 01338nam0a22003011 4500 | ||
|---|---|---|---|
| 001 | v19\rc\1727670 | ||
| 005 | 20061002173850.0 | ||
| 035 | _a(NLR Aleph) 004823743 | ||
| 090 |
_a5042005 _c5042005 |
||
| 100 | _a20061002d1901 |||y0rusy50 ca | ||
| 101 | 0 | _arus | |
| 102 | _aRU | ||
| 105 | _ay b ||||| | ||
| 200 | 1 |
_aО платиновых приисках В.М. Имшенецкого, О.Г. Шпеннемана и К° [на Урале, в Верхотурском уезде, Пермской губ.] _eДокл. горн. инж. С.И. Литтауэра синдикату, учрежд. для изучения означ. приисков |
|
| 210 |
_aСанкт-Петербург _cтип. А. Лащинского _dценз. 1901 |
||
| 215 |
_a25 с. _d24 |
||
| 700 | 1 |
_aЛиттауэр _bС. И. _gСтанислав Иванович |
|
| 702 | 1 |
_aИмшенецкий _bВ. М. _4570 |
|
| 702 | 1 |
_aШпеннеман _bО. Г. _4570 |
|
| 712 | 0 | 2 |
_aПлатиновые прииски В.М. Имшенецкого, О.Г. Шпеннемана и К° _cВерхотурск. уезд Пермск. губ. |
| 801 | 0 |
_aRU _bNLR _gpsbo |
|
| 801 | 0 |
_aRU _bRuMoRGB _2psbo |
|
| 801 | 1 |
_aRU _bProSoft-M _2rusmarc |
|
| 852 |
_aNLR _j18.334.2.202 |
||
| 899 |
_aRuMoRGB _jF 83/1048 |
||
| 899 | _aБАН | ||
| 942 | _cBOOK | ||
| 980 | _aNB | ||